| 000 | 01950ngm a2200385 a 4500 | ||
|---|---|---|---|
| 003 | BLK | ||
| 005 | 20240528113410.0 | ||
| 008 | 180410b bul||n||s|||||||| mlbulo| | ||
| 010 | _aCDD00002105000 | ||
| 040 | _aBLK | ||
| 041 |
_aBUL _cBUL |
||
| 080 |
_aКомедии _b791.221.2 _x(497.2)(086.8) _z791.221.2(497.2)(086.8) |
||
| 139 |
_aАвантаж [видео DVD] _bА 16 |
||
| 245 | 1 | 0 |
_aАвантаж [видео DVD] _cсценарист Георги Дюлгеров; сценарист Руси Чанев; режисьор Георги Дюлгеров; в ролите Руси Чанев; оператор Радослав Спасов; музика Божидар Петков. |
| 257 | _aBGR | ||
| 260 |
_aСофия _bНац. филмов център _c2006 |
||
| 300 |
_a(5,93 GB)(138 мин.) _bзв., цв. _c12 см _e1 брош. (1 л. ; 17Х47 см, сгънат до 17Х12 см) |
||
| 380 | _a7 | ||
| 490 |
_aDVD колекция Златни български филми _v43 |
||
| 500 | _aИзт. : Заглавен екран ; Етикет ; Брош. - Системни изисквания : DVD устройство ; Windows Media Player. - Дигитално изд. - Съдържа и За филма ; За колекцията | ||
| 590 | _aS.N: 68758 от КНИГИ | ||
| 700 | 1 |
_aДюлгеров, Георги _eсценарист _9387740 |
|
| 700 | 1 |
_aЧанев, Руси _eсценарист _9387741 |
|
| 700 | 1 |
_aДюлгеров, Георги _eрежисьор _9387740 |
|
| 700 | 1 |
_aЧанев, Руси _eв ролите _9387741 |
|
| 700 | 1 |
_aСпасов, Радослав _eоператор _9354333 |
|
| 700 | 1 |
_aПетков, Божидар _eмузика _9354397 |
|
| 852 |
_aЦб CD 1229 _p0 |
||
| 856 | 4 |
_qpdf _u |
|
| 856 | 4 |
_qpdf _u |
|
| 942 |
_cCDD _n0 |
||
| 944 |
_aCR _c18.10.2006 _k30553 _lИваничка Йорданова |
||
| 944 |
_aED _c07.05.2007 |
||
| 999 |
_c219697 _d219697 |
||
| 999 | _d219697 | ||